Animals By Picture - Statistics

General Stats
  • This quiz has been taken 543 times
  • The average score is 41 of 50
Answer Stats
Picture Answer % Correct
Fox
97%
Tiger
97%
Cat
96%
Dog
95%
Elephant
95%
Lion
95%
Panda
94%
Wolf
94%
Dolphin
92%
Rabbit
92%
Giraffe
91%
Squirrel
91%
Flamingo
90%
Hedgehog
90%
Horse
90%
Deer
89%
Ladybug
89%
Zebra
89%
Owl
88%
Monkey
87%
Bald Eagle
86%
Butterfly
86%
Cheetah
86%
Frog
86%
Crocodile
84%
Jellyfish
84%
Raccoon
84%
Leopard
83%
Chicken
82%
Gorilla
82%
Crab
81%
Koala
81%
Whale
80%
Lemur
79%
Ostrich
79%
Chameleon
78%
Sea Turtle
78%
Red Panda
77%
Peacock
76%
Jaguar
75%
Brown Bear
73%
Hummingbird
71%
Otter
70%
Goose
69%
Meerkat
68%
Walrus
68%
Puffin
53%
Snow Leopard
52%
Bobcat
48%
Arctic Fox
46%
No matching quizzes found
Score Distribution
Percent of People with Each Score
Percentile by Number Answered
Your Score History
You have not taken this quiz